000 04266cam a22003977i 4500
999 _c533338
_d533338
001 20784265
005 20260518102433.0
008 181217t20182018caua b 000 0 eng d
010 _a 2017279353
020 _a9781684031344
_q(paperback)
020 _a1684031346
_q(paperback)
035 _a20784265
035 _a(OCoLC)994000124
040 _aBTCTA
_beng
_cBTCTA
_erda
_dYDX
_dBDX
_dBUF
_dSRC
_dZGR
_dQQ3
_dIJ5
_dOCLCF
_dINR
_dAU@
_dW8N
_dMLSOD
_dVWB
_dAZT
_dB@L
_dDLC
042 _alccopycat
050 0 0 _aBL1238.56.R35
_bP38 2018
082 0 0 _aAA P272
_223
100 1 _aPatel, Kamlesh D.,
_d1956-
_eauthor.
_960567
245 1 4 _aThe heartfulness way :
_bheart-based meditations for spiritual transformation /
_cKamlesh D. Patel, Joshua Pollock.
260 _aNew Delhi
_bJuggernaut Books
_c2022
300 _axvii, 187 pages :
_billustrations ;
_c22 cm
500 _a"Foreword by Varun Soni, afterword by James R. Doty" -- Front cover.
504 _aIncludes bibliographical references.
505 0 _aMachine generated contents note: pt. 1 Why Heartfulness -- 1.The Seeker's Journey -- 2.Demystifying Meditation -- Attitude -- Yogic Transmission -- pt. 2 Practicing Heartfulness -- 3.Meditation -- When and Where to Meditate -- The Meditative Posture -- Relaxation How to Meditate -- How Long to Meditate -- The Meditative State -- The Heartfulness Way -- 4.Cleaning -- Doing the Cleaning -- 5.Prayer -- Connecting Through Prayer -- The Heartfulness Prayer -- pt. 3 The Guru -- 6.Role of the Guru.
520 _a"Heartfulness is an ideal, a spiritual way of living by and from the heart that is inclusive of all ideologies, beliefs, and religions. In this heart-centered book, a student in conversation with his teacher, Kamlesh D. Patel--affectionately known as Daaji, the fourth and current spiritual guide of the century-old Heartfulness tradition--present a unique method of meditation with the power to facilitate an immediate, tangible spiritual experience, irrespective of a person's faith. Our modern, fast-paced world can be an overwhelming place. Every day, we're bombarded with messages telling us that in order to be happy, fulfilled, and worthy, we must be better, do more, and accumulate as much material wealth as possible. Most of us move through our busy lives with our minds full of these ideas, multitasking as we strive to navigate the responsibilities and expectations we must meet just to make it through the day. But what if there is another way? What if, rather than letting the busyness of life overtake our minds, we learn to be heartful instead? Based on Daaji's own combination of approaches and practices for the modern seeke--which draws from the teachings of Sahaj Marg, meaning "Natural Path"--Heartfulness is a contemporized version of the ancient Indian practice of Raja Yoga, a tradition that enables the practitioner to realize the higher Self within. While many books describe refined states of being, The Heartfulness Way goes further, providing a pragmatic course to experience those states for oneself, which, per the book's guiding principle, is "greater than knowledge." Heartfulness meditation consists of four elements--relaxation, meditation, cleaning, and prayer--and illuminates the ancient, defining feature of yogic transmission (or pranahuti), the utilization of divine energy for spiritual growth and transformation. Using the method, detailed practices, tips, and practical philosophy offered in this book, you'll reach new levels of attainment and learn to live a life more deeply connected to the values of the Heartfulness way--with acceptance, humility, compassion, empathy, and love." -- Publisher's website.
650 0 _aMeditation.
_960568
650 0 _aYoga, Rāja.
_960569
650 7 _aMeditation.
_2fast
_960568
650 7 _aYoga, Rāja.
_2fast
_960569
655 4 _aNonfiction.
_960570
700 1 _aPollock, Joshua
_c(Heartfulness trainer),
_eauthor.
_960571
700 1 _aSoni, Varun,
_eauthor of introduction, etc.
_960572
700 1 _aDoty, James R.
_q(James Robert),
_d1955-
_eauthor of afterword, colophon, etc.
_960573
906 _a7
_bcbc
_ccopycat
_d2
_encip
_f20
_gy-gencatlg